000 nam a22 a 4500
999 _c192
_d192
003 AKMAL
005 20170425162019.0
008 170425s2004 my l 00 may d
020 _a9677007726 (jil. 1 : kkt. ):
_cRM20.00
082 0 4 _a340 MAL
090 0 0 _a340
_bMAL
110 1 _aMalaysia
_9400
245 1 0 _aUndang-Undang Umum :
_bsemua pindaan hingga Jun, 2004 /
_cdisusun oleh Penasihat Undang-Undang MDC
260 _aKuala Lumpur :
_bMDC Publishers Printers,
_c2004
300 0 0 _a442ms
_c26cm
505 0 _aKandungan: Jilid 1: 1. Akta Kontrak. - 2. Akta Pengambilan Tanah. - 3. Akta Pencegahan Rasuah. - 4. Akta Pilihanraya. - 5. Akta Kesalahan piPilihanraya, Jilid 2: 1. Perlembagaan Persekutuan. - 2. Akta Pencen 1980. - 3. Akta Kumpulan Wang Simpanan Pekerja 1991
650 0 _aCommon law
_zMalaysia
_9435
651 0 _aMalaysia
_xConstitutional law
_9436
710 2 _aPenasihat Undang-Undang MDC
_9405
942 _2ddc
_cBOOK